|
|
|
|
| LEADER |
01836nam a22003973i 4500 |
| 001 |
EBC6637704 |
| 003 |
MiAaPQ |
| 005 |
20231204023217.0 |
| 006 |
m o d | |
| 007 |
cr cnu|||||||| |
| 008 |
231204s2019 xx o ||||0 eng d |
| 020 |
|
|
|a 9789048542895
|q (electronic bk.)
|
| 035 |
|
|
|a (MiAaPQ)EBC6637704
|
| 035 |
|
|
|a (Au-PeEL)EBL6637704
|
| 035 |
|
|
|a (OCoLC)1114876167
|
| 040 |
|
|
|a MiAaPQ
|b eng
|e rda
|e pn
|c MiAaPQ
|d MiAaPQ
|
| 050 |
|
4 |
|a PF361
|
| 100 |
1 |
|
|a Broekhuis, Hans.
|
| 245 |
1 |
0 |
|a Syntax of Dutch :
|b Coordination and Ellipsis.
|
| 250 |
|
|
|a 1st ed.
|
| 264 |
|
1 |
|a Amsterdam :
|b Amsterdam University Press,
|c 2019.
|
| 264 |
|
4 |
|c Ã2019.
|
| 300 |
|
|
|a 1 online resource (390 pages)
|
| 336 |
|
|
|a text
|b txt
|2 rdacontent
|
| 337 |
|
|
|a computer
|b c
|2 rdamedia
|
| 338 |
|
|
|a online resource
|b cr
|2 rdacarrier
|
| 490 |
1 |
|
|a Comprehensive Grammar Resources Series
|
| 505 |
0 |
|
|a Coordination and ellipsis -- Abbreviations and symbols -- Preface and acknowledgments -- Introduction -- Chapter 1. Coordination -- Chapter 2. Ellipsis in coordinate structures -- Chapter 3. Borderline cases of coordination? -- Bibliographical notes -- Glossary -- Subject index -- List of references.
|
| 588 |
|
|
|a Description based on publisher supplied metadata and other sources.
|
| 590 |
|
|
|a Electronic reproduction. Ann Arbor, Michigan : ProQuest Ebook Central, 2023. Available via World Wide Web. Access may be limited to ProQuest Ebook Central affiliated libraries.
|
| 655 |
|
4 |
|a Electronic books.
|
| 700 |
1 |
|
|a Corver, Norbert.
|
| 776 |
0 |
8 |
|i Print version:
|a Broekhuis, Hans
|t Syntax of Dutch
|d Amsterdam : Amsterdam University Press,c2019
|
| 797 |
2 |
|
|a ProQuest (Firm)
|
| 830 |
|
0 |
|a Comprehensive Grammar Resources Series
|
| 856 |
4 |
0 |
|u https://ebookcentral.proquest.com/lib/matrademy/detail.action?docID=6637704
|z Click to View
|